FUTURE FILES (Record no. 13493)
[ view plain ]
| 000 -LEADER | |
|---|---|
| fixed length control field | 00279nam a22001337a 4500 |
| 008 - FIXED-LENGTH DATA ELEMENTS--GENERAL INFORMATION | |
| fixed length control field | 170519b xxu||||| |||| 00| 0 eng d |
| 020 ## - INTERNATIONAL STANDARD BOOK NUMBER | |
| International Standard Book Number | 9781857885347 |
| 041 ## - LANGUAGE CODE | |
| Language code of text/sound track or separate title | eng |
| 080 ## - UNIVERSAL DECIMAL CLASSIFICATION NUMBER | |
| Universal Decimal Classification number | 94 |
| 100 ## - Rafti | |
| Rafti | 16 |
| 101 ## - Shkurtesa | |
| Shkurtesa | SHH |
| 245 ## - TITLE STATEMENT | |
| Title | FUTURE FILES |
| Statement of responsibility, etc | WATSON,R |
| 942 ## - ADDED ENTRY ELEMENTS (KOHA) | |
| Source of classification or shelving scheme | |
| Item type | Books |
| Withdrawn status | Lost status | Source of classification or shelving scheme | Damaged status | Not for loan | Collection code | Permanent location | Current location | Shelving location | Date acquired | Total Checkouts | Full call number | Barcode | Date last seen | Price effective from | Koha item type |
|---|---|---|---|---|---|---|---|---|---|---|---|---|---|---|---|
| Koleksioni i përgjithshem | UBT - Lipjan | UBT - Lipjan | Koleksioni i përgjithshem | 05/19/2017 | 94 WAT | 002-285276 | 05/19/2017 | 05/19/2017 | Books | ||||||
| Koleksioni i përgjithshem | UBT - Lipjan | UBT - Lipjan | Koleksioni i përgjithshem | 05/19/2017 | 94WAT | 002-285271 | 05/19/2017 | 05/19/2017 | Books | ||||||
| Koleksioni i përgjithshem | UBT - Lipjan | UBT - Lipjan | Koleksioni i përgjithshem | 05/19/2017 | 94WAT | 002-285295 | 05/19/2017 | 05/19/2017 | Books |